00425nam a2200157Ia 45000010006000000050017000060080041000230410008000640820017000721000034000892450091001232600009002143000028002236500008002516540008002592474720260414151104.0260414t2013||||xx |||||||||||||| ||spa|| aESP a345.733bT57 aTinageros loza, VíctoreAUT 0aNaturaleza jurídica del notario y las innovaciones al decreto legislativo N° 1049b c2013 a119 páginas :c20 cm. aDER aCDE